000 00809nam a2200301 a 4500
003 AR-BaBNM
005 20251128203317.0
008 082120s2002 ||||||||||||||000 | spa||
020 _a84-7100-347-3
040 _cAR-BaBNM
100 1 _aVieira, Alberto
245 0 0 _aPortugal y las Islas del Atlántico
250 _a1ª ed.
260 _aMadrid
_bMapfre
_c1992
300 _a316 p.
_bil.,láms.,tablas,gráfs.,mapas
490 0 _aPortugal y el mundo
_vv. 2
500 _aApéndices para consultar p. 279-302.
650 4 _aNAVEGACION
650 4 _aREFORMA
650 4 _aECONOMIA
650 4 _aCOMERCIO
650 4 _aHISTORIA POLITICA
650 4 _aHISTORIA ECONOMICA
650 4 _aMISIONES RELIGIOSAS
800 1 _aGallego, José Andrés
_ecoordinador
942 _cBK
998 _cmariana
999 _c2835
_d2835